000 00540nam a2200217Ia 4500
003 OSt
005 20221002055041.0
006 a|||||r|||| 00| 0
007 ta
008 220930b |||||||| |||| 00| 0 ara d
024 _a71674
037 _cReference Collections
040 _aCRL
_cCRL
_bara
041 _2ara
_aara
082 _aQ7:21, 168G4(RR)
245 0 _aKareem al-Quran inna
260 _c1934
650 _aQURAN
_933479
942 _hQ7:21, 168G4(RR)
_cref
_2CC
999 _c926605
_d926605